Countries with short names - Statistics

General Stats
  • This quiz has been taken 62 times
  • The average score is 9 of 11
Answer Stats
Hint Answer % Correct
4 Iran
91%
4 Iraq
91%
4 Peru
91%
4 Cuba
88%
4 Fiji
88%
4 Oman
88%
4 Mali
84%
4 Chad
79%
4 Laos
77%
4 Togo
75%
4 Niue
7%
No matching quizzes found
Score Distribution
Percent of People with Each Score
Percentile by Number Answered
Your Score History
You have not taken this quiz